LEADER 00835nam0 2200289 450 001 000021396 005 20180914104029.0 100 $a20090113d1950----km-y0itay50------ba 101 0 $aita 102 $aIT 105 $ay-------001yy 200 1 $aElementi di economia politica$fCesare Cosciani 205 $a3. ed. rielaborata ed accresciuta 210 $aPadova$cCEDAM$d1950 215 $a370 p.$d23 cm 451 0$1001000016581 451 0$1001000021399 451 0$1001000021409 500 10$aElementi di economia politica$934468 610 1 $aEconomia 676 $a330$v17$9Economia 700 1$aCosciani,$bCesare$0437433 801 0$aIT$bUNIPARTHENOPE$c20090113$gRICA$2UNIMARC 912 $a000021396 951 $a330.1/179(2)$b9771$cNAVA4$d2009 996 $aElementi di economia politica$934468 997 $aUNIPARTHENOPE LEADER 00905nam 2200277 450 001 9910272460403321 005 20180626094010.0 010 $a978-88-917-6217-7 100 $a20180618d2017----u y0engy50 ba 101 0 $aita 102 $aIT 105 0 $a 00 200 1 $a<>trasformazioni del lavoro e della formazione continua$edalla seconda alla quarta rivoluzione industriale$fMarco Zaganella 210 $aMilano$cFrancoAngeli$d2017 215 $a95 p.$cill., tab.$d21 cm 225 $aFonditalia$v314 610 0 $aIndustria$aOrganizzazione del lavoro$aSec. 19-20 676 $a306.36$v22$zita 700 1$aZaganella,$bMarco$0747692 912 $a9910272460403321 952 $a306.36 ZAG 1$b4838$fbfs 952 $aCOLLEZ. 772 (314)$b832/2018$fFSPBC 959 $aFSPBC 959 $aBFS 996 $aTrasformazioni del lavoro e della formazione continua$91505804 997 $aUNINA